1901 1987 1276 1650 1489 1104 1849 1885 1381 1864 1792 1240 1125 1502 1602 1274 1749 1111 1626 1856 1441 1734 1883 1891 1987 1359 1213 1275 1504 1051 1313 1607 1586 1086 1479 1326 1903 1211 1678 1048 1857 1443 1005 1407 1496 1615 1785 1871 1941 1583 1899 1340 1970 1585 1653 1311 1040 1579 1472 1555 1446 1777 1391 1602 1603 1751 1094 1302 1643 1712 1520 1805 1778 1606 1370 1217 1330 1046 1641 1053 1834 1745 1896 1994 1934 1834 1728 1014 1022 1755 1781 1207 1966 1833 1903 1850 1691 1666 1641 BCNSPRNW ULIB Ver.6.0+V

เปลี่ยนเป็นภาษาไทย

Change to English
 แสดงรายละเอียดบรรณานุกรม
  กลับหน้าหลัก

Brief Record : Get Marc (ISO 2709) : E-mail record : QR code < ปิดหน้าต่าง
LEADER : 00000nam 2200000uu 4500
001    13399110574
003     ULIB
008    110321s2543||||th 000 0 tha d
020    9789749508909
060 04 WQ150^bก327ค 2543
245 00 กว่าจะเป็นแม่ :^bคู่มือตั้งครรภ์คุณภาพ /^cพวงน้อยสาครรัตนกุล, สุรเกียรติ อาชานานุภาพ, แปลและเรียบเรียง
246 30 คู่มือตั้งครรภ์คุณภาพ
250    พิมพ์ครั้งที่ 3
260    กรุงเทพฯ :^bหมอชาวบ้าน,^c2543
300    584 หน้า :^bภาพประกอบ ;^c22 ซม.
440  0 ตำราเรียนรู้เรื่องคุณภาพชีวิตแม่และเด็ก
500    แปลจาก What to expect when you re expecting
650  7 ครรภ์
650  7 ครรภ์, การบำรุงรักษา
700 0  พวงน้อย สาครรัตนกุล,^eผู้แปล
700 0  สุรเกียรติ อาชานานุภาพ,^eผู้แปล
740 02 What to expect when you re expecting
945    ^p340^l0^i013803
945    ^p340^l0^i013802
945    ^p340^l0^i013385
995    ทศพร
999 ^a ใช้งานได้ทุกระบบ
รายการนี้ยังไม่มีแท็ก
คุณยังไม่ได้ล็อกอิน คุณสามารถมีกิจกรรมร่วมกับเว็บไซต์ได้ แต่ต้องล็อกอินก่อน ::
  ล็อกอิน

รายการสื่อสารสนเทศ

ลำดับที่ ประเภท เลขเรียก/บาร์โค้ด สถานที่ สถานะ
- ไม่พบข้อมูล -

รายการใกล้เคียง
    หัวเรื่อง [ครรภ์]
    หัวเรื่อง [ครรภ์, การบำรุงรักษา]

BibComment


ยังไม่เคยถูกคอมเมนท์

คอมเมนท์ทรัพยากรรายการนี้
  คอมเมนท์: กว่าจะเป็นแม่ คู..


 Copyright 2026. Bcnsprnw @Library